000 00656nam a2200241Ia 4500
008 160901s9999 xx 000 0 und d
020 _a0-07-142496-2
050 _aComSc QA 76.73
050 _b.J38W57 2004
100 _aWise, Edwin.
245 _aHands-on AI with java :
245 _bsmart gaming, robotics, and more /
245 _cEdwin Wise.
260 _aNew York :
260 _bMcGraw-Hill.,
260 _c2004
300 _a340 pages :
300 _bill. ;
300 _c23 cm.
500 _aIncludes bibliographical references and index.
650 _aJava (Computer program language).
650 _xArtificial intelligence.
999 _c300807
_d300807